| 000 | 00696nam a22002055i 4500 | ||
|---|---|---|---|
| 001 | 159042 | ||
| 003 | ES-MaACL | ||
| 005 | 20230906211427.0 | ||
| 008 | 040908s1854 it |||| | ita d | ||
| 040 |
_aCAM _bspa _cCAM |
||
| 100 | 1 |
_aMartini, Pietro. _9129585 |
|
| 245 | 1 | 0 |
_aStudi storico-politici sulle libertà moderne d'Europa dal 1789 al 1852 / _cper Pietro Martini. |
| 260 |
_aCagliari : _b[s.n.], _c1854 ( _fTip. di A. Timon) |
||
| 300 |
_a448 p. ; _c18 cm. |
||
| 650 | 4 |
_aLibertad- _zEuropa- _y1789-1852. _9223067 |
|
| 651 |
_aEuropa- _xHistoria- _y1789-1852. _9223069 |
||
| 752 |
_aItalia - _bCerdeña - _dCagliari |
||
| 852 |
_aES-MaACL _jG-9883 _z-- Enc. hol. |
||
| 999 |
_c159042 _d159042 |
||